| 000 | 00661cam a2200205 a 4500 | ||
|---|---|---|---|
| 020 | _a9781441928375 | ||
| 040 |
_aDLC _cDLC _dDLC |
||
| 082 | 0 | 0 |
_a621.3822 _220 |
| 100 | 1 | _aPoor, H. Vincent. | |
| 245 | 1 | 3 |
_aAn introduction to signal detection and estimation _cH. Vincent Poor. |
| 250 | _a2nd ed. | ||
| 260 |
_aNew York : _bSpringer-Verlag, _cc1994. |
||
| 300 |
_ax, 398 p. : _bill. ; _c25 cm. |
||
| 440 | 0 | _aSpringer texts in electrical engineering | |
| 504 | _aIncludes bibliographical references (p. [387]-391) and index. | ||
| 650 | 0 | _aSignal detection. | |
| 650 | 0 | _aSignal theory (Telecommunication) | |
| 650 | 0 | _aEstimation theory. | |
| 942 |
_2ddc _cBK |
||
| 999 |
_c11434 _d11434 |
||